000 01085nam a2200277 i 4500
003 EG-GICUC
005 20260329183738.0
008 260329s1983 ne ||||fr|||| 00| 0 fre d
020 _a9012043441
040 _aEG-GiCUC
_bfre
_cEG-GiCUC
_dEG-GiCUC
_eRda
082 0 4 _221
_a341.8
_bCO . A
092 0 4 _221
099 _aLaw1 12 341.8 CO . A 1983
111 _aConférence De La Haye De Droit International Privé
_eAuteur
245 _aActes Et Documents De La Quinzième Session Du 6 Au 20 Octobre 1980 .
_nTome VI :
_pEntraide Judiciaire - Judicial Co-Operation /
_cConférence De La Haye De Droit International Privé .
264 1 _aLa Haye :
_bÉdités Par Le Bureau Permanent De La Conférence Imprimerie Nationale ,
_c1983 .
300 _a438 page ;
_c24 cm.
336 _2rda contenu
_a texte
337 _2rda medias
_aOrdinateur
338 _2 transporteur rda
_a Ressource en ligne
546 _aTexte en français
650 _aDroit International Privé
856 4 0 _uhttps://fll.law.cu.edu.eg/fulltext/bks/B12-02582.pdf
905 _a59
942 _2ddc
_n0
_cBK
_e21
999 _c67336
_d67336